Introducción a la biología celular /

Guardado en:
Autor Principal: Alberts, Bruce
Otros Autores: Bray, Dennis, Hopkin, Karen, Johnson, Alexander
Formato: Libro
Publicado: Buenos Aires : Médica Panamericana, 2007
Edición:2a. ed.
Materias:
Etiquetas: Agregar Etiqueta
Sin Etiquetas, Sea el primero en etiquetar este registro!
LEADER 00696nam a22002295a 4500
001 CEM.cems017266
005 20110610110522.0
008 130507s2007##################000#0#####d
003 CEMS
020 |a 9788479035235 
082 0 4 |a 571.6 
100 1 |a Alberts, Bruce 
245 1 0 |a Introducción a la biología celular /  |c Bruce Alberts ... [et Al.] 
250 |a 2a. ed. 
260 |a Buenos Aires :  |b Médica Panamericana,  |c 2007 
300 |a 740 p. 
504 |a incluye Respuestas, Glosario e Índice analítico 
653 |a Biología celular 
700 1 |a Bray, Dennis 
700 1 |a Hopkin, Karen 
700 1 |a Johnson, Alexander 
859 |a CEMS  |b BIB. CEMS - Agricultura  |h 571.6  |i Al14a2  |p A1077.09  |t Ej.1